Doris Day Movies Quiz Stats

 Plays Quiz Updated May 13, 2019

Score 0/39 Timer 10:00
0 Plays Today
Year Movie % Correct
1959Pillow Talk
80.8%
1953Calamity Jane
63.9%
1956The Man Who Knew Too Much
59.2%
1960Please Don't Eat the Daisies
43.7%
1962That Touch of Mink
43.6%
1968With Six You Get Eggroll
43%
1957The Pajama Game
41%
1963Move Over Darling
41%
1961Lover Come Back
38.5%
1955Love Me or Leave Me
38.2%
1966The Glass Bottom Boat
38.2%
1964Send Me No Flowers
37.2%
1953By the Light of the Silvery Moon
34.5%
1951On Moonlight Bay
34.3%
1960Midnight Lace
33.5%
1963The Thrill of It All
32%
1948Romance on the High Seas
31.8%
1958Teacher's Pet
31.7%
1950Tea for Two
31.3%
1956Julie
29.9%
Year Movie % Correct
1954Young at Heart
27.5%
1959It Happened to Jane
27.3%
1967Caprice
27.1%
1952April in Paris
25.3%
1967The Ballad of Josie
24.5%
1950Young Man with a Horn
24.4%
1965Do Not Disturb
24.3%
1968Where Were You When the Lights Went Out?
24.1%
1958The Tunnel of Love
23.1%
1962Billy Rose's Jumbo
22.3%
1954Lucky Me
22%
1949My Dream is Yours
21.9%
1950The West Point Story
21.5%
1951Lullaby of Broadway
21.5%
1951Storm Warning
21.2%
1951I'll See You in My Dreams
20.7%
1949It's a Great Feeling
20.6%
1952The Winning Team
18%
1951Starlift
16.3%

You're not logged in!

Compare scores with friends on all Sporcle quizzes.
OR
Log In

Show Comments

Extras

Top Quizzes Today


Score Distribution

Your Account Isn't Verified!

In order to create a playlist on Sporcle, you need to verify the email address you used during registration. Go to your Sporcle Settings to finish the process.

Report this User

Report this user for behavior that violates our Community Guidelines.

Details: